عرض عادي
عرض مارك
- Molecules.
مدخل مصطلح موضوعي
001 - رقم الضبط
- حقل الضبط: 114538
003 - معرف رقم الضبط
- حقل الضبط: OSt
005 - تاريخ ووقت أخر عملية
- حقل الضبط: 20221218130731.0
008 - عناصر بيانات ثابتة الطول
- حقل تحكم ثابت الطول: 221218|| aca||aabn | a|a d
040 ## - مصدر الفهرسة
- هيئة الفهرسة الأصلية: OSt
- وكالة الكتابة: OSt
150 ## - مدخل-- مصطلح تاريخي
- عنصر مدخل المصطلح الموضوعي او الاسم الجغرافي: Molecules.
670 ## - بيانات المصدر موجوده
- الاستشهاد بالمصدر: Work cat.: (OSt)0: Bransden, B. H., 1926- 64074, Physics of atoms and molecules /, 2003
